| 000 | 05287cam a22018254i 4500 | ||
|---|---|---|---|
| 003 | PE-LiUPU | ||
| 005 | 20250813165811.0 | ||
| 008 | 150706s2000 mx a rb 000 0 spa d | ||
| 020 | _a9684267118 | ||
| 020 | _a9789684267114 | ||
| 035 | _a(Sirsi) i9789684267114 | ||
| 040 |
_aPE-LiUPU _bspa _cPE-LiUPU _dPE-LiUPU _erda |
||
| 049 | _aPRUA | ||
| 082 | 0 | 4 |
_a616.890 25 _bS752000 _221 |
| 100 | 1 |
_aSlaikeu, Karl A., _d1944-, _eautor. |
|
| 245 | 1 | 0 |
_aIntervención en crisis : _bmanual para prácticas e investigación / _cKarl A. Slaikeu. |
| 250 | _a2a edición. | ||
| 264 | 1 |
_aMexico : _bManual moderno, _c2000. |
|
| 300 |
_a575 páginas : _bilustraciones ; _c25 centímetros |
||
| 336 |
_atext _2rdacontent |
||
| 337 |
_aunmediated _2rdamedia |
||
| 338 |
_avolume _2rdacarrier |
||
| 500 | _aTraducción de: Crisis intervention : a handbook for practice and research -- 2a ed. | ||
| 504 | _aIncluye bibliografía. | ||
| 505 | 0 | _aConsideraciones teóricas: Introducción, Teoría de la crisis: Estructura general, Crisis vitales durante el desarrollo, Crisis circunstanciales en la vida -- Estrategias de intervención: Un modelo amplio para la intervención en crisis, Intervención de primera instancia: Primeros auxilios psicológicos, Primeros auxilios psicológicos, Intervención de segunda instancia: Terapia multimodal para crisis, Terapia en crisis multimodal para crisis: Ejemplos de casos -- Sistemas de otorgamiento de servicios: Intervención en crisis a cargo del clero, Intervención en crisis a cargo de abogados y asesores legales, Intervención en la crisis a cargo de la policía, Intervención en crisis a cargo de las enfermeras y otros profesionales de la salud, Intervención en crisis en las salas de urgencia de hospitales, Intervención en crisis por teléfono, Intervención en crisis en las escuelas, Intervención en crisis en el trabajo/en la oficina -- Entrenamiento e Investigación: Entrenamiento I: Primeros auxilios psicológicos -- Entrenamiento II: Terapia para crisis, Un modelo para la investigación sobre la intervención en crisis. | |
| 526 | _aP203 | ||
| 526 | _aP200 | ||
| 526 | _aSEG65 | ||
| 526 | _aSEG64 | ||
| 526 | _aSEG63 | ||
| 526 | _aSEG62 | ||
| 526 | _aSEG61 | ||
| 526 | _aSEG60 | ||
| 526 | _aSEG59 | ||
| 526 | _aSEG58 | ||
| 526 | _aSEG57 | ||
| 526 | _aSEG56 | ||
| 526 | _aSEG55 | ||
| 526 | _aSEG54 | ||
| 526 | _aSEG53 | ||
| 526 | _aSEG52 | ||
| 526 | _aSEG51 | ||
| 526 | _aSEG50 | ||
| 526 | _aSEG49 | ||
| 526 | _aSEG48 | ||
| 526 | _aSEG47 | ||
| 526 | _aSEG46 | ||
| 526 | _aSEG24 | ||
| 526 | _aSEG23 | ||
| 526 | _aSEG22 | ||
| 526 | _aSEG21 | ||
| 526 | _aSEG20 | ||
| 526 | _aSEG19 | ||
| 526 | _aSEG18 | ||
| 526 | _aSEG17 | ||
| 526 | _aSEG16 | ||
| 526 | _aSEG14 | ||
| 526 | _aSEG13 | ||
| 526 | _aSEG12 | ||
| 526 | _aSEG11 | ||
| 526 | _aSEG10 | ||
| 526 | _aSEG09 | ||
| 526 | _aSEG06 | ||
| 526 | _aSEG05 | ||
| 526 | _aSEG04 | ||
| 526 | _aSEG03 | ||
| 526 | _aSEG02 | ||
| 526 | _aSEG68 | ||
| 526 | _aSEG66 | ||
| 526 | _aSEG45 | ||
| 526 | _aSEG25 | ||
| 526 | _aSEG01 | ||
| 526 | _aP163 | ||
| 526 | _aP162 | ||
| 526 | _aP161 | ||
| 526 | _aP160 | ||
| 526 | _aP159 | ||
| 526 | _aP158 | ||
| 526 | _aP157 | ||
| 526 | _aP156 | ||
| 526 | _aP155 | ||
| 526 | _aP154 | ||
| 526 | _aP153 | ||
| 526 | _aP152 | ||
| 526 | _aP151 | ||
| 526 | _aP150 | ||
| 526 | _aP149 | ||
| 526 | _aP142 | ||
| 526 | _aP141 | ||
| 526 | _aP140 | ||
| 526 | _aP139 | ||
| 526 | _aP138 | ||
| 526 | _aP137 | ||
| 526 | _aP132 | ||
| 526 | _aP131 | ||
| 526 | _aP130 | ||
| 526 | _aP126 | ||
| 526 | _aP125 | ||
| 526 | _aP124 | ||
| 526 | _aP123 | ||
| 526 | _aP115 | ||
| 526 | _aP122 | ||
| 526 | _aP121 | ||
| 526 | _aP116 | ||
| 526 | _a P114 | ||
| 526 | _aP112 | ||
| 526 | _aP111 | ||
| 526 | _aP104 | ||
| 526 | _aP103 | ||
| 526 | _aP102 | ||
| 526 | _aP101 | ||
| 526 | _aP100 | ||
| 526 | _aP96 | ||
| 526 | _aP95 | ||
| 526 | _aP93 | ||
| 526 | _aP92 | ||
| 526 | _aP91 | ||
| 526 | _aP88 | ||
| 526 | _aP83 | ||
| 526 | _aP82 | ||
| 526 | _aP79 | ||
| 526 | _aP78 | ||
| 526 | _aP75 | ||
| 526 | _aP74 | ||
| 526 | _aP71 | ||
| 526 | _aP69 | ||
| 526 | _a P51 | ||
| 526 | _aP49 | ||
| 526 | _aP48 | ||
| 526 | _aP47 | ||
| 526 | _aP33 | ||
| 526 | _aP31 | ||
| 526 | _a P30 | ||
| 526 | _aP29 | ||
| 526 | _aP27 | ||
| 526 | _aP26 | ||
| 526 | _aP25 | ||
| 526 | _aP24 | ||
| 526 | _a P22 | ||
| 526 | _aP10 | ||
| 526 | _aP09 | ||
| 526 | _a P08 | ||
| 526 | _aP06 | ||
| 526 | _aP05 | ||
| 526 | _aP04 | ||
| 526 | _aP01 | ||
| 541 | _g001-0031616; | ||
| 650 | 0 | 4 | _aIntervención en crisis ( Psiquiatría). |
| 910 |
_bjv _cjvm _d20100614 |
||
| 942 |
_2ddc _cBOOK |
||
| 949 |
_a616.890 25 S75 2000 _wDEWEY _c1 _i61815 _d2016-5-25 _e2016-5-22 _lCCODEBUL1 _mBUL _n2 _p55.00 _r0 _sY _tBOOK _u2015-7-6 _xSALUD _PP33 _o.STAFF. Colección Ciencias de la Salud |
||
| 994 |
_aC0 _bPEPRU |
||
| 596 | _a1 | ||
| 999 |
_a616.890 25 S75 2000 _wDEWEY _c50952 _i61815 _d50952 _e2018-4-5 _f2021-11-4 _g5 _lCCODEBUL1 _mBUL _n4 _p55.00 _r0 _sY _tBOOK _u2015-7-6 _xSALUD _zP33 _o.STAFF. Colección Ciencias de la Salud |
||
| 980 |
_81 _gALBERTO SANCHEZ Responsable de Automatización |
||